|
|
|
|
| LEADER |
00000cam a2200000 7i4500 |
| 001 |
0000067970 |
| 005 |
20220105104233.0 |
| 008 |
161113 |
| 020 |
|
|
|a 0435090712
|
| 020 |
|
|
|a 9780435090715
|
| 090 |
0 |
0 |
|a EL
|b ENG
|
| 100 |
1 |
|
|a Gaines, Keith
|
| 245 |
1 |
0 |
|a Dinner time
|c Keith Gaines;Jim Kavanagh
|
| 260 |
|
|
|a Oxford :
|b Heineman Educational Publishers ,
|c 1996
|
| 300 |
|
|
|a 8pg. :
|b Col.ill
|
| 490 |
1 |
|
|a Storyworlds
|
| 500 |
|
|
|a Children age 4-6 years old (yellow)
|
| 650 |
|
0 |
|a English
|x Language
|
| 999 |
|
|
|a 0001044573
|b Book
|c Children Collection
|e Cawangan Segamat
|
| 999 |
|
|
|a 0001050672
|b Book
|c Children Collection
|e Cawangan Segamat
|
| 999 |
|
|
|a 0001050673
|b Book
|c Children Collection
|e Cawangan Segamat
|